00541nam a22001817a 450000500170000000800410001702000180005804000210007604100080009708200150010510000360012024500910015625000120024726000460025930000100030565000120031570000320032720250902075950.0250902b |||||||| |||| 00| 0 eng d a9789389904932 aIN-DiNCcIN-DiNC deng a306.8bSLA aSlariya, Mohinder Kumareauthor aMarriage, family and kinship (GEC3)/cBy Mohinder Kumar Slariya and Abhishiant Slariya a1st ed. aDibrugarh:bMahaveer publications,c2024. a246p. aKinship aSlariya, Abhishianteauthor